header

New histories for old (Record no. 20790)

MARC details
000 -LEADER
fixed length control field 01402nam a2200361 a 4500
082 04 - DEWEY DECIMAL CLASSIFICATION NUMBER
Classification number 971.004/97
245 00 - TITLE STATEMENT
Title New histories for old
260 ## - PUBLICATION, DISTRIBUTION, ETC. (IMPRINT)
Place of publication Vancouver :
Name of publisher UBC Press,
Year of publication c2007.
300 ## - PHYSICAL DESCRIPTION
Number of Pages xvi, 280 p. :
Other physical details maps.
650 #0 - SUBJECT ADDED ENTRY--TOPICAL TERM
Topical Term Indians of North America
Topical Term Indians of North America
700 1# - ADDED ENTRY--PERSONAL NAME
Personal name Neylan, Susan,
Personal name Binnema, Theodore,
856 40 - ELECTRONIC LOCATION AND ACCESS
Uniform Resource Identifier http://site.ebrary.com/lib/rucke/Doc?id=10275465

No items available.

© 2026 Rongo University
Contact us: librarian | system librarian | Rongo university